| 000 | 01495nam0a2200409 4500 | ||
|---|---|---|---|
| 001 | RU\NLR\bibl\1076910 | ||
| 005 | 20250615045109.0 | ||
| 010 | _a978-5-89817-183-4 | ||
| 021 |
_aRU _b2007-17547 _9931 |
||
| 035 | _aRU\NLR\bibl\1076910 | ||
| 035 | _a(NLR Aleph) 001064105 | ||
| 090 |
_a957181 _c957181 |
||
| 100 | _a20070424d2007 |||y0rusy50 ca | ||
| 101 | 1 | _arus | |
| 102 | _aRU | ||
| 105 | _a||||||||||||| | ||
| 200 | 1 |
_aЧерез музыку к себе _aКак мы познаем и воспринимаем музыку _fП. М. Хамель |
|
| 210 |
_aМосква _cКлассика-XXI _d2007 |
||
| 215 |
_a246, [2] с. _cил., нот. _d22 |
||
| 320 | _aБиблиогр.: с. 240-242 | ||
| 606 | 1 |
_aМузыка _xВосприятие _91628292 _3RU\NLR\AUTH\66718993 |
|
| 686 | 1 | _aЩ310.9 | |
| 700 | 1 |
_9z01790 _aХамель _bП. М. _f1947- _gПетер Михаэль _4070 |
|
| 702 | 1 |
_9z02790 _aМурахвери _bВ. И. _gВалерий Изяславович _4730 |
|
| 702 | 1 |
_9z03790 _aШипова _bИ. _4730 |
|
| 790 | 1 |
_9z01700 _aHamel _bP. M. _f1947- _gPeter Michael _4070 |
|
| 790 | 1 |
_9z02702 _aMurahveri _bV. I. _gValerij Izyaslavovich _4730 |
|
| 790 | 1 |
_9z03702 _aShipova _bI. _4730 |
|
| 801 | 0 |
_aRU _bNLR _c20070424 _gRCR |
|
| 801 | 1 |
_aRU _bNLR _c20070424 |
|
| 801 | 2 |
_aRU _bNLR _c20170828 _2rusmarc |
|
| 852 |
_aNLR _bМс _j35/Х.181а _pАэ 11638 _t2 |
||
| 852 |
_aNLR _bМс _j35/Х.181 _pАэ 11637 _t1 |
||
| 942 | _cBOOK | ||
| 980 | _aNB | ||
| 980 | _aONIZ | ||